000 01152nam0a2200325 4500
001 RU\NLR\b_ik\202145
005 20250613195053.0
010 _a978-5-91134-755-0
_bФОРУМ
010 _a978-5-16-006779-7
_9500
_bИНФРА-М
021 _aRU
_b2013-31338
_92156
035 _a(NLR Aleph) 009997933
090 _a9774396
_c9774396
100 _a20130520d2013 |||y0rusy50 ca
101 0 _aeng
102 _aRU
105 _aach |||||||||
200 1 _aReading into history
_ea colletion of sources
_f[сост.: Резникова Наталья Владимировна]
210 _aМосква
_cФОРУМ
_cИНФРА-М
_d2013
215 _a174, [1] с.
_cил., факс., портр.
_d24
320 _aБиблиогр. в конце кн.
541 1 _aЧтение истории
606 1 _aВсеобщая история
_jХрестоматии
_91324332
_3RU\NLR\AUTH\66234889
686 1 _aТ3(0)я7
702 1 _aReznikova
_bN. V.
_gNatal'ja Vladimirovna
_4220
801 0 _aRU
_bNLR
_c20130520
_gRCR
801 1 _aRU
_bNLR
_c20130520
942 _cBOOK
980 _aNB